Zodpovedná paliatívna starostlivosť (a jej niektoré možné ohrozenia)

Bibliographic Details
Main Author: Smatanová, Alexandra (Author)
Format: Article
Language:Slovak
ISBN:978-80-555-1030-9
Subjects:

MARC

LEADER 00000nab a2200000 a 4500
001 vtls010605018
003 SK-MaSNL
005 20260429131524.0
008 140620c2013 xo r 000 00slo
015 |a SNBRA2014/07SVKPO 
038 |a SVKPO 
040 |a SVKPOCL  |b slo  |c SVKPOCL  |e AACR2 
041 0 |a slo 
044 |a xo  |c SK 
080 |a 17  |2 2001 
080 |a 616-093.75  |2 2001 
080 |a 174  |2 2001 
080 |a 17.026.4  |2 2001 
080 |a (048.82)  |2 2001 
100 1 |a Smatanová, Alexandra  |4 aut  |9 800831 
245 1 0 |a Zodpovedná paliatívna starostlivosť (a jej niektoré možné ohrozenia)  |c Alexandra Smatanová 
504 |a Bibliogr. odkazy 
650 0 7 |a aplikovaná etika  |2 svkpocl  |9 68585 
650 0 7 |a paliatívna starostlivosť  |2 svkpocl  |9 2558 
650 0 7 |a etika  |2 svkpocl  |9 792 
650 0 7 |a ľudská dôstojnosť  |2 svkpocl  |9 68128 
655 7 |a štúdie  |2 svkpocl  |9 57033 
773 0 |t Etika v profesiách / Vasil Gluchman (ed.) /d Prešov : Filozofická fakulta Prešovskej univerzity, 2013  |g S. 151-160  |z 978-80-555-1030-9 
852 |a SVKPO  |b KIS3GCP 
958 |a SK 
958 |a NB 
999 |c 3292313  |d 3294243